| 000 | 00948pam a2200289 a 4500 | ||
|---|---|---|---|
| 001 | 1019379 | ||
| 003 | OSt | ||
| 005 | 20140310182118.0 | ||
| 008 | 880222s1988 nyua bf 001 0 eng | ||
| 010 | _a 88005195 | ||
| 020 | _a0873523792 (pbk.) | ||
| 040 |
_aDLC _cDLC _dDLC |
||
| 050 | 0 | 0 |
_aLB 2369 _b.G53 1977 |
| 082 | 0 | 0 |
_aHS 808.02 _bG35 1988 |
| 100 | 1 |
_aGibaldi, Joseph _d1942- _913828 |
|
| 245 | 1 | 0 |
_aMLA handbook for writers of research papers / _cJoseph Gibaldi, Walter S. Achtert. |
| 250 | _a3rd ed. | ||
| 260 |
_aNew York : _bModern Language Association of America, _cc1977. |
||
| 300 |
_a248 p. : _bill. ; _c22 cm. |
||
| 650 | 0 |
_aReport writing _xHandbooks, manuals, etc. _913829 |
|
| 650 | 0 |
_aResearch _xHandbooks, manuals, etc. _913830 |
|
| 700 | 1 |
_aAchtert, Walter S. _99861 |
|
| 710 | 2 |
_aModern Language Association of America. _99856 |
|
| 906 |
_a7 _bcbc _corignew _d1 _eocip _f19 _gy-gencatlg |
||
| 942 |
_2lcc _cHS |
||
| 999 |
_c9490 _d9490 |
||